000 00970nam a22002897a 4500
005 20230512222845.0
008 190228t xxu||||| |||| 00| 0 eng d
020 _a9786219540407
040 _cCSPC
082 0 _a910.4
_bG319f
100 _aGerona, Danilo Madrid
_eauthor.
245 0 0 _aFerdinand Magellan
_bthe armada de maluco and the European discovery of the Philippines/
_cDanilo Madrid Gerona
260 _aPhilippines:
_bSpanish Galleon Publisher,
_c2016.
300 _aviii, 503 pages:
_bimages;
_c21 cm.
336 _2rdacontent
_atext
337 _2rdamedia
_aunmediated
338 _2rdacarrier
_avolume
504 _aIncludes Bibliography pages (459-498).
650 1 0 _aPhilippines.
650 1 0 _aDiscovery and exploration.
650 1 0 _aSpanish.
650 1 0 _aMagellan, Ferdinand
_x1521.
940 _aLenie
942 _cBOOK
_jFIL 910.4 G319f 2016
999 _c6908
_d6908